<?xml version="1.0" encoding="UTF-8"?><?xml-stylesheet type="text/xsl" href="static/style.xsl"?><OAI-PMH xmlns="http://www.openarchives.org/OAI/2.0/" xmlns:xsi="http://www.w3.org/2001/XMLSchema-instance" xsi:schemaLocation="http://www.openarchives.org/OAI/2.0/ http://www.openarchives.org/OAI/2.0/OAI-PMH.xsd"><responseDate>2026-04-13T02:27:51Z</responseDate><request verb="GetRecord" identifier="oai:www.recercat.cat:10459.1/466258" metadataPrefix="marc">https://recercat.cat/oai/request</request><GetRecord><record><header><identifier>oai:recercat.cat:10459.1/466258</identifier><datestamp>2025-09-16T05:07:48Z</datestamp><setSpec>com_2072_3622</setSpec><setSpec>col_2072_478537</setSpec></header><metadata><record xmlns="http://www.loc.gov/MARC21/slim" xmlns:dcterms="http://purl.org/dc/terms/" xmlns:xsi="http://www.w3.org/2001/XMLSchema-instance" xmlns:doc="http://www.lyncode.com/xoai" xsi:schemaLocation="http://www.loc.gov/MARC21/slim http://www.loc.gov/standards/marcxml/schema/MARC21slim.xsd">
   <leader>00925njm 22002777a 4500</leader>
   <datafield ind2=" " ind1=" " tag="042">
      <subfield code="a">dc</subfield>
   </datafield>
   <datafield ind2=" " ind1=" " tag="720">
      <subfield code="a">Freixes Rabinat, Laia</subfield>
      <subfield code="e">author</subfield>
   </datafield>
   <datafield ind2=" " ind1=" " tag="260">
      <subfield code="c">2024</subfield>
   </datafield>
   <datafield ind2=" " ind1=" " tag="520">
      <subfield code="a">Les fístules perianals, patologia també coneguda com a furunculosi anal canina (CAF), és una malaltia
crònica, progressiva i debilitant, que produeix úlceres i tractes sinusals en el teixit perianal. El pastor
alemany és la raça més predisposada per una susceptibilitat genètica, d’altra banda, no s’ha descrit
predilecció sexual ni per la fertilitat. L’etiologia primària no és definitiva avui en dia, però se sap del
cert que té una implicació del sistema immunitari. L’objectiu principal d’aquesta revisió bibliogràfica
és recopilar tota la informació disponible sobre la patologia i analitzar el millor tractament.
En l’actualitat el tractament quirúrgic ha fet un pas enrere i ha donat pas a l’enfocament de la tríada
d’immunosupressió, higiene i teràpia dietètica. Els immunosupressors més utilitzats són la
ciclosporina i el tacrolimús tòpic, però també tenim el ketoconazole, el qual inhibeix el metabolisme
hepàtic de la ciclosporina i, per tant, augmenta la seva biodisponibilitat. Aquesta teràpia
immunosupressora es pot plantejar de manera individual o en combinació de medicaments, motiu
pel qual es pot reduir la dosi principal de ciclosporina, ja que té un cost molt elevat. Tot i això, la
teràpia quirúrgica pot ser una alternativa en aquells casos en què la mèdica no ha estat efectiva.</subfield>
   </datafield>
   <datafield tag="653" ind2=" " ind1=" ">
      <subfield code="a">Fístula perianal canina</subfield>
   </datafield>
   <datafield tag="653" ind2=" " ind1=" ">
      <subfield code="a">Furunculosis anal canina</subfield>
   </datafield>
   <datafield tag="653" ind2=" " ind1=" ">
      <subfield code="a">Pastor Alemany</subfield>
   </datafield>
   <datafield ind2="0" ind1="0" tag="245">
      <subfield code="a">Les fístules perianals del Pastor Alemany</subfield>
   </datafield>
</record></metadata></record></GetRecord></OAI-PMH>